header

Imitation in international relations (Record no. 189346)

MARC details
000 -LEADER
fixed length control field 01512nam a2200373Ia 4500
082 04 - DEWEY DECIMAL CLASSIFICATION NUMBER
Classification number 327.47/009/049
100 1# - MAIN ENTRY--AUTHOR NAME
Personal name Goldsmith, Benjamin E.
245 10 - TITLE STATEMENT
Title Imitation in international relations
250 ## - EDITION STATEMENT
Edition statement 1st ed.
260 ## - PUBLICATION, DISTRIBUTION, ETC. (IMPRINT)
Place of publication New York :
Name of publisher Palgrave Macmillan,
Year of publication 2005.
300 ## - PHYSICAL DESCRIPTION
Number of Pages xviii, 166 p.
650 #0 - SUBJECT ADDED ENTRY--TOPICAL TERM
Topical Term Imitation.
Topical Term International relations.
856 40 - ELECTRONIC LOCATION AND ACCESS
Uniform Resource Identifier http://site.ebrary.com/lib/rucke/Doc?id=10135749

No items available.

© 2026 Rongo University
Contact us: librarian | system librarian | Rongo university